South Eastern Kenya University

Library Online Public Access Catalogue


Cognitive psychology in and out of the laboratory / (Record no. 4265)

MARC details
000 -LEADER
fixed length control field 00361cam a2200121 i 4500
020 ## - ISBN
International Standard Book Number 9781452230320 (hbk. : alk. paper)
050 00 - LIBRARY OF CONGRESS CALL NUMBER
Classification Number BF201
Item Number .G35 2014
100 1# - MAIN ENTRY--Author
Personal name Galotti, Kathleen M.,
Dates associated with a name 1957-
245 10 - TITLE
Title Cognitive psychology in and out of the laboratory /
Statement of responsibility, etc Kathleen M. Galotti.
250 ## - EDITIONSTATEMENT
Edition statement Fifth Edition.
300 ## - PHYSICAL DESCRIPTION
Extent xvii, 475 pages :
942 ## - ADDED ENTRY ELEMENTS(KOHA)
Source of classification or shelving scheme Library of Congress Classification
Koha item type General circulation
Holdings
Source of classification or shelving scheme Not for loan Location (home branch) Sublocation (holding branch) Shelving location Date accessioned Cost, normal purchase price Full call number Barcode Cost, replacement price Nonpublic note Koha item type
Library of Congress Classification   Main Campus Library Main Campus Library   25/06/2015 100.00 BF201 .G35 2013 2015/001,110 600.00 jm General circulation
Kitui, Kenya.
+254736116989
library@seku.ac.ke